000 00676nam a2200193 4500
001 144743
003 ES-MaACL
005 20230906201104.0
007 t|
008 070214s1973 sp r ||||1| cat d
080 _a726.75(467.11 Bages) San Benito
100 1 _aSitjes i Molins, Xavier.
_9106707
245 1 0 _aSant Benet de Bages
_b: estudi arqueológic /
_cper X. Sitges i Molins.
260 _aManresa :
_bCaixa d'Estalvis,
_c1973 (
_fGráf. Montaña)
300 _a90 p., 6 h., 5 lám. :
_bil. ;
_c22 cm +
_e1 plan. pleg.
610 2 4 _aMonasterio de San Benito (Bages)
_9145887
710 2 _aCaja de Ahorros de Manresa.
_92288
852 _aES-MaACL
_jC-53914
_bR.86750
999 _c144743
_d144743